000 00534nam a2200229 a 4500
001 nice12345678
003 IN_TiNIC
005 20260116011303.0
008 050524s1943 caia grp 000 0 eng
020 _a
_c0
082 0 0 _a922.97
_bTAH1
100 _aTaha, Hussein
245 _aStream of Days
_b Student at the Azhar
260 _aCairo
_bAl-Maaref
_c1943
300 _a210p
500 _aincludes index and biblioraphy
505 2 _aIndex
650 _aTaha Hussein
902 _bSRS
942 _cBK
999 _c188
_d188